| 000 | 00544nam a2200217Ia 4500 | ||
|---|---|---|---|
| 003 | OSt | ||
| 005 | 20220928145612.0 | ||
| 006 | a|||||r|||| 00| 0 | ||
| 007 | ta | ||
| 008 | 220927b |||||||| |||| 00| 0 eng d | ||
| 024 | _a81463 | ||
| 037 | _cTextual | ||
| 040 |
_aSDCL _cSDCL _beng |
||
| 041 |
_2eng _aeng |
||
| 082 | _aX.1'N8, M3 | ||
| 100 |
_aBergesen Albert Ed. _9513664 |
||
| 245 | 0 | _aCrises in the world - system. | |
| 260 | _c1983 | ||
| 942 |
_hX.1'N8, M3 _cTEXL _2CC |
||
| 999 |
_c834313 _d834313 |
||